| 000 | 00360nam a2200109Ia 4500 | ||
|---|---|---|---|
| 008 | 200302s9999 xx 000 0 und d | ||
| 100 | _aSekhar Chandra Dutta & Other | ||
| 245 | _aImproving Earthquake and Cyclone Resistance of Structures Guidelines for the Indian Subcontinent | ||
| 260 | _bThe Energy and Resources Institute | ||
| 260 | _c2012 | ||
| 300 | _a304 P., | ||
| 999 |
_c4282 _d4282 |
||